19th Century Literary Characters Match-up Quiz Stats

Quiz Updated Apr 16, 2015

Challenge
Share
Tweet
Score 0/24 Timer 04:00
2 Plays Today
% Correct
Sherlock
98.8%
Huckleberry
98.7%
Oliver
98.6%
Ebenezer
98.2%
Tom
98.1%
Jane
97.3%
Long John
96.3%
Anna
95.7%
Dorian
95%
Ichabod
88.6%
Jean
87.3%
Phileas
81%
% Correct
Hester
78.3%
Silas
73.1%
Meg
70.4%
Emma
67.4%
Edmond
64.1%
Simon
57.7%
Becky
56.9%
Marianne
54.5%
Natty
53.3%
Philip
52.1%
Eugene
48.5%
Sydney
42.3%

You're not logged in!

Compare scores with friends on all Sporcle quizzes.
Join for Free
OR
Log In

You Might Also Like...

Show Comments

Extras

Top Quizzes Today


Score Distribution

Your Account Isn't Verified!

In order to create a playlist on Sporcle, you need to verify the email address you used during registration. Go to your Sporcle Settings to finish the process.

Report this User

Report this user for behavior that violates our Community Guidelines.

Details: